Blading Aggregate Surface (Record no. 528279)

000 -LEADER
fixed length control field 00302nam a22001217a 4500
003 - CONTROL NUMBER IDENTIFIER
control field NUST
038 ## - RECORD CONTENT LICENSOR
Staff Name msohail
082 ## - DEWEY DECIMAL CLASSIFICATION NUMBER
Classification number 621.406
Author Mark NAC
245 ## - TITLE STATEMENT
Title Blading Aggregate Surface
260 ## - PUBLICATION, DISTRIBUTION, ETC.
Place of publication, distribution, etc. USA
Name of publisher, distributor, etc. National Association of Counties Research Foundation
Date of publication, distribution, etc. 1974
300 ## - PHYSICAL DESCRIPTION
Extent 54, p:
Dimensions 27cm
942 ## - ADDED ENTRY ELEMENTS (KOHA)
Source of classification or shelving scheme
Koha item type Book
Holdings
Withdrawn status Lost status Source of classification or shelving scheme Damaged status Not for loan Permanent Location Current Location Date acquired Total Checkouts Full call number Barcode Date last seen Price effective from Koha item type
          School of Civil and Environmental Engineering (SCEE) School of Civil and Environmental Engineering (SCEE) 09/05/2019   621.406 NAC NIT-10334 09/05/2019 09/05/2019 Book
© 2023 Central Library, National University of Sciences and Technology. All Rights Reserved.